00503 2200169 4500245006000000020002200060250001100082100002000093700002100113650002800134005001900162260009700181041001400278084001200292300002000304336000900324 aKamus Bahasa Indonesia - MyanmarcMyat Sandi AunghText a978-602-437-923-0 aCet. 1 aMyat Sandi Aung aKyaw Myint Maung aKamus Indonesia Myanmar a20241031095646 aJakartabBadan Pengembangan Bahasa dan Perbukuan Kementerian Pendidikan dan Kebudayaanc2019 aIndonesia a499.219 a298 Hlm. :cPDF atext